The works of James Arminius / (Record no. 6070)

MARC details
000 -LEADER
fixed length control field 01350cam a2200397 i 4500
001 - CONTROL NUMBER
control field 283221
003 - CONTROL NUMBER IDENTIFIER
control field OSt
005 - DATE AND TIME OF LATEST TRANSACTION
control field 20190329112938.0
008 - FIXED-LENGTH DATA ELEMENTS--GENERAL INFORMATION
fixed length control field 890126r19861825miu 000 0 eng d
020 ## - INTERNATIONAL STANDARD BOOK NUMBER
International Standard Book Number 0801002060
Qualifying information set
035 ## - SYSTEM CONTROL NUMBER
System control number (CStRLIN)NJPT89-B464
035 ## - SYSTEM CONTROL NUMBER
System control number (OCoLC)ocm15010656
035 ## - SYSTEM CONTROL NUMBER
System control number 283221
040 ## - CATALOGING SOURCE
Original cataloging agency PTS
Language of cataloging eng
Description conventions rda
Transcribing agency PTS
041 1# - LANGUAGE CODE
Language code of text/sound track or separate title eng
Language code of original lat
082 ## - DEWEY DECIMAL CLASSIFICATION NUMBER
Classification number REF 230.49
Item number N616w
100 1# - MAIN ENTRY--PERSONAL NAME
Personal name Arminius, Jacobus,
Dates associated with a name 1560-1609.
240 00 - UNIFORM TITLE
Uniform title Works.
Language of a work English
Date of a work 1986
245 14 - TITLE STATEMENT
Title The works of James Arminius /
Statement of responsibility, etc. translated by James Nichols and William Nichols ; introduction by Carl Bangs.
250 ## - EDITION STATEMENT
Edition statement London edition.
264 #1 - PRODUCTION, PUBLICATION, DISTRIBUTION, MANUFACTURE, AND COPYRIGHT NOTICE
Place of production, publication, distribution, manufacture Grand Rapids, Mich. :
Name of producer, publisher, distributor, manufacturer Baker Book House,
Date of production, publication, distribution, manufacture, or copyright notice [1986]
264 #4 - PRODUCTION, PUBLICATION, DISTRIBUTION, MANUFACTURE, AND COPYRIGHT NOTICE
Date of production, publication, distribution, manufacture, or copyright notice �1986
300 ## - PHYSICAL DESCRIPTION
Extent 3 volumes ;
Dimensions 23 cm
336 ## - CONTENT TYPE
Content type term text
Content type code txt
Source rdacontent
337 ## - MEDIA TYPE
Media type term unmediated
Media type code n
Source rdamedia
338 ## - CARRIER TYPE
Carrier type term volume
Carrier type code nc
Source rdacarrier
500 ## - GENERAL NOTE
General note Translated from Latin.
534 ## - ORIGINAL VERSION NOTE
Introductory phrase Reprint. (v. 1-2) Originally published:
Publication, distribution, etc. of original London: Longman, Hurst, Rees, Orme, Brown, and Green, 1825-1828.
534 ## - ORIGINAL VERSION NOTE
Introductory phrase Reprint (v. 3). Originally published:
Publication, distribution, etc. of original London : Thomas Baker, 1875.
650 #0 - SUBJECT ADDED ENTRY--TOPICAL TERM
Topical term or geographic name entry element Theology
General subdivision History
Chronological subdivision 16th century.
650 #0 - SUBJECT ADDED ENTRY--TOPICAL TERM
Topical term or geographic name entry element Theology
Form subdivision Early works to 1800.
700 1# - ADDED ENTRY--PERSONAL NAME
Personal name Nichols, James,
Dates associated with a name 1785-1861.
700 1# - ADDED ENTRY--PERSONAL NAME
Personal name Nichols, William.
942 ## - ADDED ENTRY ELEMENTS (KOHA)
Source of classification or shelving scheme Dewey Decimal Classification
Koha item type Reference
945 ## - LOCAL PROCESSING INFORMATION (OCLC)
a MARCIVE20181205
Holdings
Withdrawn status Lost status Source of classification or shelving scheme Damaged status Not for loan Collection code Home library Current library Shelving location Date acquired Cost, normal purchase price Serial Enumeration / chronology Total Checkouts Full call number Barcode Date last seen Price effective from Koha item type
    Dewey Decimal Classification   Not For Loan Reference Harvest Mission College Harvest Mission College Reference 11.01.2019 500.00 Volume 3   REF 230.49 N616W 006859 11.01.2019 11.01.2019 Reference

OPAC Designed and Maintained by HMC Library Team.
Copyright © HMC Library,Greater Noida, UP.
For any Suggestions/Query Contact library via Email:libhmc@gmail.com